{"text_format":"3","workbook":"xlsx","n_sheets":19,"sheets":["部门财务收支预算总表01-1","部门收入预算表01-2","部门支出预算表01-3","部门财政拨款收支预算总表02-1","一般公共预算支出预算表02-2","一般公共预算“三公”经费支出预算表03","部门基本支出预算表04","部门项目支出预算表05-1","部门项目支出绩效目标表05-2","部门政府性基金预算表06","部门政府采购预算表07","部门政府购买服务预算表08","省对下转移支付预算表09-1","省对下转移支付绩效目标表09-2","新增资产配置表10","中央转移支付补助项目支出预算表11","部门项目支出中期规划预算表12","省级政务信息化建设类项目预算表13","Sheet1"],"read":"whole","date_system":"1900"}

{"sheet":"部门财务收支预算总表01-1","index":0,"n_rows":21,"n_cols":4,"rows_kept":21,"merged":[[1,0,1,3],[2,0,2,1],[3,0,3,1],[3,2,3,3],[4,0,5,0],[4,1,5,1],[4,2,5,2],[4,3,5,3]]}
[{"$nulls":3},"预算01-1表"]
["2026年部门财务收支预算总表"]
[{"$f":"\"单位名称：\"&\"纳板河流域国家级自然保护区管理局\"","v":"单位名称：纳板河流域国家级自然保护区管理局"},null,null,"单位：元"]
["收        入",null,"支        出"]
["项      目","预算数","项目（按功能分类）","预算数"]
[]
["一、一般公共预算拨款收入",{"v":5558293.78,"d":"5,558,293.78"},{"$f":"\"一\"&\"、\"&\"社会保障和就业支出\"","v":"一、社会保障和就业支出"},{"v":472147.94,"d":"472,147.94"}]
["二、政府性基金预算拨款收入",null,{"$f":"\"二\"&\"、\"&\"卫生健康支出\"","v":"二、卫生健康支出"},{"v":459624.37,"d":"459,624.37"}]
["三、国有资本经营预算拨款收入",null,{"$f":"\"三\"&\"、\"&\"节能环保支出\"","v":"三、节能环保支出"},{"v":7015533.66,"d":"7,015,533.66"}]
["四、财政专户管理资金收入",null,{"$f":"\"四\"&\"、\"&\"农林水支出\"","v":"四、农林水支出"},{"v":150000,"d":"150,000.00"}]
["五、单位资金",{"v":2850000,"d":"2,850,000.00"},{"$f":"\"五\"&\"、\"&\"住房保障支出\"","v":"五、住房保障支出"},{"v":329060.47,"d":"329,060.47"}]
["1.事业收入"]
["2.事业单位经营收入"]
["3.上级补助收入"]
["4.附属单位上缴收入"]
["5.其他收入",{"v":2850000,"d":"2,850,000.00"}]
["本年收入合计",{"v":8408293.78,"d":"8,408,293.78"},"本年支出合计",{"v":8426366.44,"d":"8,426,366.44"}]
["上年结转结余",{"v":48072.66,"d":"48,072.66"},"年终结转结余",{"v":30000,"d":"30,000.00"}]
["1.财政拨款结转结余",{"v":48072.66,"d":"48,072.66"},"1.财政拨款结转结余"]
["2.非财政拨款结余",null,"2.非财政拨款结余",{"v":30000,"d":"30,000.00"}]
["收  入  总  计",{"v":8456366.44,"d":"8,456,366.44"},"支 出 总 计",{"v":8456366.44,"d":"8,456,366.44"}]

{"sheet":"部门收入预算表01-2","index":1,"n_rows":9,"n_cols":19,"rows_kept":9,"merged":[[0,17,0,18],[1,0,1,18],[2,0,2,3],[2,17,2,18],[3,0,5,0],[3,1,5,1],[3,2,5,2],[3,3,3,13],[3,14,3,18],[4,3,5,3],[4,4,5,4],[4,5,5,5],[4,6,5,6],[4,7,5,7],[4,8,4,13],[4,14,5,14],[4,15,5,15],[4,16,5,16],[4,17,5,17],[4,18,5,18]]}
[{"$nulls":17},"预算01-2表"]
["2026年部门收入预算表"]
[{"$f":"\"单位名称：\"&\"纳板河流域国家级自然保护区管理局\"","v":"单位名称：纳板河流域国家级自然保护区管理局"},{"$nulls":16},"单位：元","单位:元"]
["部门（单位）代码","部门（单位）名称","合计","本年收入",{"$nulls":10},"上年结转结余"]
[{"$nulls":3},"小计","一般公共预算","政府性基金预算","国有资本经营预算","财政专户管理资金","单位资金收入",null,"事业单位经营收入","上级补助收入","附属单位上缴收入","其他收入","小计","一般公共预算","政府性基金预算","国有资本经营预算","非财政拨款结余"]
[{"$nulls":8},"小计","事业收入","事业单位经营收入","上级补助收入","附属单位上缴收入","其他收入"]
[1,2,3,4,5,6,7,8,9,10,11,12,13,14,15,16,17,18,19]
["169005","纳板河流域国家级自然保护区管理局",{"v":8456366.44,"d":"8,456,366.44"},{"v":8408293.78,"d":"8,408,293.78"},{"v":5558293.78,"d":"5,558,293.78"},{"$nulls":3},{"v":2850000,"d":"2,850,000.00"},{"$nulls":4},{"v":2850000,"d":"2,850,000.00"},{"v":48072.66,"d":"48,072.66"},{"v":48072.66,"d":"48,072.66"}]
["合计",null,{"v":8456366.44,"d":"8,456,366.44"},{"v":8408293.78,"d":"8,408,293.78"},{"v":5558293.78,"d":"5,558,293.78"},{"$nulls":3},{"v":2850000,"d":"2,850,000.00"},{"$nulls":4},{"v":2850000,"d":"2,850,000.00"},{"v":48072.66,"d":"48,072.66"},{"v":48072.66,"d":"48,072.66"}]

{"sheet":"部门支出预算表01-3","index":2,"n_rows":30,"n_cols":15,"rows_kept":30,"merged":[[1,0,1,14],[2,0,2,11],[3,0,4,0],[3,1,4,1],[3,2,4,2],[3,3,3,5],[3,6,4,6],[3,7,4,7],[3,8,4,8],[3,9,3,14],[29,0,29,1]]}
[{"$nulls":14},"预算01-3表"]
["2026年部门支出预算表"]
[{"$f":"\"单位名称：\"&\"纳板河流域国家级自然保护区管理局\"","v":"单位名称：纳板河流域国家级自然保护区管理局"},{"$nulls":13},"单位：元"]
["科目编码","科目名称","合计","一般公共预算",null,null,"政府性基金预算","国有资本经营预算","财政专户管理的支出","单位资金","事业支出","事业单位\n经营支出","上级补助支出","附属单位补助支出","其他支出"]
[{"$nulls":3},"小计","基本支出","项目支出",{"$nulls":3},"小计","事业支出","事业单位\n经营支出","上级补助支出","附属单位补助支出","其他支出"]
[1,2,3,4,5,6,7,8,9,10,11,12,13,14,15]
["208","社会保障和就业支出",{"v":472147.94,"d":"472,147.94"},{"v":472147.94,"d":"472,147.94"},{"v":472147.94,"d":"472,147.94"}]
["20805","行政事业单位养老支出",{"v":449353.42,"d":"449,353.42"},{"v":449353.42,"d":"449,353.42"},{"v":449353.42,"d":"449,353.42"}]
["2080502","事业单位离退休",{"v":7020,"d":"7,020.00"},{"v":7020,"d":"7,020.00"},{"v":7020,"d":"7,020.00"}]
["2080505","机关事业单位基本养老保险缴费支出",{"v":442333.42,"d":"442,333.42"},{"v":442333.42,"d":"442,333.42"},{"v":442333.42,"d":"442,333.42"}]
["20899","其他社会保障和就业支出",{"v":22794.52,"d":"22,794.52"},{"v":22794.52,"d":"22,794.52"},{"v":22794.52,"d":"22,794.52"}]
["2089999","其他社会保障和就业支出",{"v":22794.52,"d":"22,794.52"},{"v":22794.52,"d":"22,794.52"},{"v":22794.52,"d":"22,794.52"}]
["210","卫生健康支出",{"v":459624.37,"d":"459,624.37"},{"v":459624.37,"d":"459,624.37"},{"v":459624.37,"d":"459,624.37"}]
["21011","行政事业单位医疗",{"v":459624.37,"d":"459,624.37"},{"v":459624.37,"d":"459,624.37"},{"v":459624.37,"d":"459,624.37"}]
["2101102","事业单位医疗",{"v":290281.3,"d":"290,281.30"},{"v":290281.3,"d":"290,281.30"},{"v":290281.3,"d":"290,281.30"}]
["2101103","公务员医疗补助",{"v":156377.67,"d":"156,377.67"},{"v":156377.67,"d":"156,377.67"},{"v":156377.67,"d":"156,377.67"}]
["2101199","其他行政事业单位医疗支出",{"v":12965.4,"d":"12,965.40"},{"v":12965.4,"d":"12,965.40"},{"v":12965.4,"d":"12,965.40"}]
["211","节能环保支出",{"v":7015533.66,"d":"7,015,533.66"},{"v":4245533.66,"d":"4,245,533.66"},{"v":3537461,"d":"3,537,461.00"},{"v":708072.66,"d":"708,072.66"},{"$nulls":3},{"v":2770000,"d":"2,770,000.00"},{"$nulls":4},{"v":2770000,"d":"2,770,000.00"}]
["21104","自然生态保护",{"v":4245533.66,"d":"4,245,533.66"},{"v":4245533.66,"d":"4,245,533.66"},{"v":3537461,"d":"3,537,461.00"},{"v":708072.66,"d":"708,072.66"}]
["2110401","生态保护",{"v":3537461,"d":"3,537,461.00"},{"v":3537461,"d":"3,537,461.00"},{"v":3537461,"d":"3,537,461.00"}]
["2110406","自然保护地",{"v":708072.66,"d":"708,072.66"},{"v":708072.66,"d":"708,072.66"},null,{"v":708072.66,"d":"708,072.66"}]
["21105","森林保护修复",{"v":2770000,"d":"2,770,000.00"},{"$nulls":6},{"v":2770000,"d":"2,770,000.00"},{"$nulls":4},{"v":2770000,"d":"2,770,000.00"}]
["2110501","森林管护",{"v":2770000,"d":"2,770,000.00"},{"$nulls":6},{"v":2770000,"d":"2,770,000.00"},{"$nulls":4},{"v":2770000,"d":"2,770,000.00"}]
["213","农林水支出",{"v":150000,"d":"150,000.00"},{"v":100000,"d":"100,000.00"},null,{"v":100000,"d":"100,000.00"},{"$nulls":3},{"v":50000,"d":"50,000.00"},{"$nulls":4},{"v":50000,"d":"50,000.00"}]
["21302","林业和草原",{"v":150000,"d":"150,000.00"},{"v":100000,"d":"100,000.00"},null,{"v":100000,"d":"100,000.00"},{"$nulls":3},{"v":50000,"d":"50,000.00"},{"$nulls":4},{"v":50000,"d":"50,000.00"}]
["2130234","林业草原防灾减灾",{"v":150000,"d":"150,000.00"},{"v":100000,"d":"100,000.00"},null,{"v":100000,"d":"100,000.00"},{"$nulls":3},{"v":50000,"d":"50,000.00"},{"$nulls":4},{"v":50000,"d":"50,000.00"}]
["221","住房保障支出",{"v":329060.47,"d":"329,060.47"},{"v":329060.47,"d":"329,060.47"},{"v":329060.47,"d":"329,060.47"}]
["22102","住房改革支出",{"v":329060.47,"d":"329,060.47"},{"v":329060.47,"d":"329,060.47"},{"v":329060.47,"d":"329,060.47"}]
["2210201","住房公积金",{"v":329060.47,"d":"329,060.47"},{"v":329060.47,"d":"329,060.47"},{"v":329060.47,"d":"329,060.47"}]
["合  计","合  计",{"v":8426366.44,"d":"8,426,366.44"},{"v":5606366.44,"d":"5,606,366.44"},{"v":4798293.78,"d":"4,798,293.78"},{"v":808072.66,"d":"808,072.66"},{"$nulls":3},{"v":2820000,"d":"2,820,000.00"},{"$nulls":4},{"v":2820000,"d":"2,820,000.00"}]

{"sheet":"部门财政拨款收支预算总表02-1","index":3,"n_rows":16,"n_cols":4,"rows_kept":16,"merged":[[1,0,1,3],[2,0,2,1],[3,0,3,1],[3,2,3,3],[4,0,5,0],[4,1,5,1],[4,2,5,2],[4,3,5,3]]}
[{"$nulls":3},"预算02-1表"]
["2026年财政拨款收支预算总表"]
[{"$f":"\"单位名称：\"&\"纳板河流域国家级自然保护区管理局\"","v":"单位名称：纳板河流域国家级自然保护区管理局"},null,null,"单位：元"]
["收        入",null,"支        出"]
["项      目","预算数","支出功能分类科目","预算数"]
[]
["一、本年收入",{"v":5558293.78,"d":"5,558,293.78"},"一、本年支出",{"v":5606366.44,"d":"5,606,366.44"}]
["（一）一般公共预算拨款",{"v":5558293.78,"d":"5,558,293.78"},{"$f":"\"（一）\"&\"社会保障和就业支出\"","v":"（一）社会保障和就业支出"},{"v":472147.94,"d":"472,147.94"}]
["（二）政府性基金预算拨款",null,{"$f":"\"（二）\"&\"卫生健康支出\"","v":"（二）卫生健康支出"},{"v":459624.37,"d":"459,624.37"}]
["（三）国有资本经营预算拨款",null,{"$f":"\"（三）\"&\"节能环保支出\"","v":"（三）节能环保支出"},{"v":4245533.66,"d":"4,245,533.66"}]
["二、上年结转",{"v":48072.66,"d":"48,072.66"},{"$f":"\"（四）\"&\"农林水支出\"","v":"（四）农林水支出"},{"v":100000,"d":"100,000.00"}]
["（一）一般公共预算拨款",{"v":48072.66,"d":"48,072.66"},{"$f":"\"（五）\"&\"住房保障支出\"","v":"（五）住房保障支出"},{"v":329060.47,"d":"329,060.47"}]
["（二）政府性基金预算拨款"]
["（三）国有资本经营预算拨款"]
[null,null,"二、年终结转结余"]
["收 入 总 计",{"v":5606366.44,"d":"5,606,366.44"},"支 出 总 计",{"v":5606366.44,"d":"5,606,366.44"}]

{"sheet":"一般公共预算支出预算表02-2","index":4,"n_rows":28,"n_cols":7,"rows_kept":28,"merged":[[1,0,1,6],[2,0,2,4],[3,0,3,1],[3,2,4,2],[3,3,3,5],[3,6,4,6],[27,0,27,1]]}
[{"$nulls":6},"预算02-2表"]
["2026年一般公共预算支出预算表（按功能科目分类）"]
[{"$f":"\"单位名称：\"&\"纳板河流域国家级自然保护区管理局\"","v":"单位名称：纳板河流域国家级自然保护区管理局"},{"$nulls":5},"单位：元"]
["部门预算支出功能分类科目",null,"合计","基本支出",null,null,"项目支出"]
["科目编码","科目名称",null,"小计","人员经费","公用经费"]
["1","2","3",null,"4","5","6"]
["208","社会保障和就业支出",{"v":472147.94,"d":"472,147.94"},{"v":472147.94,"d":"472,147.94"},{"v":465127.94,"d":"465,127.94"},{"v":7020,"d":"7,020.00"}]
["20805","行政事业单位养老支出",{"v":449353.42,"d":"449,353.42"},{"v":449353.42,"d":"449,353.42"},{"v":442333.42,"d":"442,333.42"},{"v":7020,"d":"7,020.00"}]
["2080502","事业单位离退休",{"v":7020,"d":"7,020.00"},{"v":7020,"d":"7,020.00"},null,{"v":7020,"d":"7,020.00"}]
["2080505","机关事业单位基本养老保险缴费支出",{"v":442333.42,"d":"442,333.42"},{"v":442333.42,"d":"442,333.42"},{"v":442333.42,"d":"442,333.42"}]
["20899","其他社会保障和就业支出",{"v":22794.52,"d":"22,794.52"},{"v":22794.52,"d":"22,794.52"},{"v":22794.52,"d":"22,794.52"}]
["2089999","其他社会保障和就业支出",{"v":22794.52,"d":"22,794.52"},{"v":22794.52,"d":"22,794.52"},{"v":22794.52,"d":"22,794.52"}]
["210","卫生健康支出",{"v":459624.37,"d":"459,624.37"},{"v":459624.37,"d":"459,624.37"},{"v":459624.37,"d":"459,624.37"}]
["21011","行政事业单位医疗",{"v":459624.37,"d":"459,624.37"},{"v":459624.37,"d":"459,624.37"},{"v":459624.37,"d":"459,624.37"}]
["2101102","事业单位医疗",{"v":290281.3,"d":"290,281.30"},{"v":290281.3,"d":"290,281.30"},{"v":290281.3,"d":"290,281.30"}]
["2101103","公务员医疗补助",{"v":156377.67,"d":"156,377.67"},{"v":156377.67,"d":"156,377.67"},{"v":156377.67,"d":"156,377.67"}]
["2101199","其他行政事业单位医疗支出",{"v":12965.4,"d":"12,965.40"},{"v":12965.4,"d":"12,965.40"},{"v":12965.4,"d":"12,965.40"}]
["211","节能环保支出",{"v":4197461,"d":"4,197,461.00"},{"v":3537461,"d":"3,537,461.00"},{"v":3159377,"d":"3,159,377.00"},{"v":378084,"d":"378,084.00"},{"v":660000,"d":"660,000.00"}]
["21104","自然生态保护",{"v":4197461,"d":"4,197,461.00"},{"v":3537461,"d":"3,537,461.00"},{"v":3159377,"d":"3,159,377.00"},{"v":378084,"d":"378,084.00"},{"v":660000,"d":"660,000.00"}]
["2110401","生态保护",{"v":3537461,"d":"3,537,461.00"},{"v":3537461,"d":"3,537,461.00"},{"v":3159377,"d":"3,159,377.00"},{"v":378084,"d":"378,084.00"}]
["2110406","自然保护地",{"v":660000,"d":"660,000.00"},{"$nulls":3},{"v":660000,"d":"660,000.00"}]
["213","农林水支出",{"v":100000,"d":"100,000.00"},{"$nulls":3},{"v":100000,"d":"100,000.00"}]
["21302","林业和草原",{"v":100000,"d":"100,000.00"},{"$nulls":3},{"v":100000,"d":"100,000.00"}]
["2130234","林业草原防灾减灾",{"v":100000,"d":"100,000.00"},{"$nulls":3},{"v":100000,"d":"100,000.00"}]
["221","住房保障支出",{"v":329060.47,"d":"329,060.47"},{"v":329060.47,"d":"329,060.47"},{"v":329060.47,"d":"329,060.47"}]
["22102","住房改革支出",{"v":329060.47,"d":"329,060.47"},{"v":329060.47,"d":"329,060.47"},{"v":329060.47,"d":"329,060.47"}]
["2210201","住房公积金",{"v":329060.47,"d":"329,060.47"},{"v":329060.47,"d":"329,060.47"},{"v":329060.47,"d":"329,060.47"}]
["合  计","合  计",{"v":5558293.78,"d":"5,558,293.78"},{"v":4798293.78,"d":"4,798,293.78"},{"v":4413189.78,"d":"4,413,189.78"},{"v":385104,"d":"385,104.00"},{"v":760000,"d":"760,000.00"}]

{"sheet":"一般公共预算“三公”经费支出预算表03","index":5,"n_rows":7,"n_cols":6,"rows_kept":7,"merged":[[1,0,1,5],[2,0,2,3],[3,0,4,0],[3,1,4,1],[3,2,3,4],[3,5,4,5]]}
[{"$nulls":5},"预算03表"]
["2026年一般公共预算“三公”经费支出预算表"]
[{"$f":"\"单位名称：\"&\"纳板河流域国家级自然保护区管理局\"","v":"单位名称：纳板河流域国家级自然保护区管理局"},{"$nulls":4},"单位：元"]
["“三公”经费合计","因公出国（境）费","公务用车购置及运行费",null,null,"公务接待费"]
[null,null,"小计","公务用车购置费","公务用车运行费"]
[1,2,3,4,5,6]
[{"v":109580,"d":"109,580.00"},null,{"v":109580,"d":"109,580.00"},null,{"v":109580,"d":"109,580.00"}]

{"sheet":"部门基本支出预算表04","index":6,"n_rows":29,"n_cols":23,"rows_kept":29,"merged":[[1,0,1,22],[2,0,2,6],[3,0,6,0],[3,1,6,1],[3,2,6,2],[3,3,6,3],[3,4,6,4],[3,5,6,5],[3,6,6,6],[3,7,3,22],[4,7,6,7],[4,8,4,12],[4,13,4,15],[4,16,6,16],[4,17,4,22],[5,8,6,8],[5,9,6,9],[5,10,6,10],[5,11,6,11],[5,12,6,12],[5,13,6,13],[5,14,6,14],[5,15,6,15],[5,17,6,17],[5,18,6,18],[5,19,6,19],[5,20,6,20],[5,21,6,21],[5,22,6,22],[28,0,28,6]]}
[{"$nulls":22},"预算04表"]
["2026年部门基本支出预算表"]
[{"$f":"\"单位名称：\"&\"纳板河流域国家级自然保护区管理局\"","v":"单位名称：纳板河流域国家级自然保护区管理局"},{"$nulls":21},"单位：元"]
["单位名称","项目代码","项目名称","功能科目编码","功能科目名称","经济科目编码","经济科目名称","资金来源"]
[{"$nulls":7},"合计","一般公共预算",{"$nulls":4},"财政拨款结转结余",null,null,"财政专户管理资金","单位资金"]
[{"$nulls":8},"全年数","已提前安排","抵扣上年垫付资金","本次下达","另文下达","一般公共预算","政府性基金预算","国有资本经营预算",null,"小计","事业收入","事业单位\n经营收入","上级补助收入","附属单位上缴收入","其他收入"]
[]
[1,2,3,4,5,6,7,8,9,10,11,12,13,14,15,16,17,18,19,20,21,22,23]
["纳板河流域国家级自然保护区管理局",{"$nulls":6},{"v":4798293.78,"d":"4,798,293.78"},{"v":4798293.78,"d":"4,798,293.78"},{"v":1158045.29,"d":"1,158,045.29"},null,{"v":3640248.49,"d":"3,640,248.49"}]
["纳板河流域国家级自然保护区管理局","530000210000000022814","事业人员支出工资","2110401","生态保护","30101","基本工资",{"v":1277772,"d":"1,277,772.00"},{"v":1277772,"d":"1,277,772.00"},{"v":319443,"d":"319,443.00"},null,{"v":958329,"d":"958,329.00"}]
["纳板河流域国家级自然保护区管理局","530000210000000022814","事业人员支出工资","2110401","生态保护","30102","津贴补贴",{"v":236700,"d":"236,700.00"},{"v":236700,"d":"236,700.00"},{"v":59175,"d":"59,175.00"},null,{"v":177525,"d":"177,525.00"}]
["纳板河流域国家级自然保护区管理局","530000210000000022814","事业人员支出工资","2110401","生态保护","30103","奖金",{"v":106481,"d":"106,481.00"},{"v":106481,"d":"106,481.00"},{"v":26620.25,"d":"26,620.25"},null,{"v":79860.75,"d":"79,860.75"}]
["纳板河流域国家级自然保护区管理局","530000210000000022814","事业人员支出工资","2110401","生态保护","30107","绩效工资",{"v":1538424,"d":"1,538,424.00"},{"v":1538424,"d":"1,538,424.00"},{"v":384606,"d":"384,606.00"},null,{"v":1153818,"d":"1,153,818.00"}]
["纳板河流域国家级自然保护区管理局","530000210000000022815","社会保障缴费","2080505","机关事业单位基本养老保险缴费支出","30108","机关事业单位基本养老保险缴费",{"v":442333.42,"d":"442,333.42"},{"v":442333.42,"d":"442,333.42"},{"v":110583.36,"d":"110,583.36"},null,{"v":331750.06,"d":"331,750.06"}]
["纳板河流域国家级自然保护区管理局","530000210000000022815","社会保障缴费","2089999","其他社会保障和就业支出","30112","其他社会保障缴费",{"v":22794.52,"d":"22,794.52"},{"v":22794.52,"d":"22,794.52"},{"v":5698.63,"d":"5,698.63"},null,{"v":17095.89,"d":"17,095.89"}]
["纳板河流域国家级自然保护区管理局","530000210000000022815","社会保障缴费","2101102","事业单位医疗","30110","职工基本医疗保险缴费",{"v":290281.3,"d":"290,281.30"},{"v":290281.3,"d":"290,281.30"},{"v":72570.33,"d":"72,570.33"},null,{"v":217710.97,"d":"217,710.97"}]
["纳板河流域国家级自然保护区管理局","530000210000000022815","社会保障缴费","2101103","公务员医疗补助","30111","公务员医疗补助缴费",{"v":156377.67,"d":"156,377.67"},{"v":156377.67,"d":"156,377.67"},{"v":39094.42,"d":"39,094.42"},null,{"v":117283.25,"d":"117,283.25"}]
["纳板河流域国家级自然保护区管理局","530000210000000022815","社会保障缴费","2101199","其他行政事业单位医疗支出","30112","其他社会保障缴费",{"v":12965.4,"d":"12,965.40"},{"v":12965.4,"d":"12,965.40"},{"v":12965.4,"d":"12,965.40"}]
["纳板河流域国家级自然保护区管理局","530000210000000022817","住房公积金","2210201","住房公积金","30113","住房公积金",{"v":329060.47,"d":"329,060.47"},{"v":329060.47,"d":"329,060.47"},{"v":82265.12,"d":"82,265.12"},null,{"v":246795.35,"d":"246,795.35"}]
["纳板河流域国家级自然保护区管理局","530000210000000022820","公车购置及运维费","2110401","生态保护","30231","公务用车运行维护费",{"v":109580,"d":"109,580.00"},{"v":109580,"d":"109,580.00"},null,null,{"v":109580,"d":"109,580.00"}]
["纳板河流域国家级自然保护区管理局","530000210000000022824","工会经费","2110401","生态保护","30228","工会经费",{"v":63187.54,"d":"63,187.54"},{"v":63187.54,"d":"63,187.54"},{"v":15796.89,"d":"15,796.89"},null,{"v":47390.65,"d":"47,390.65"}]
["纳板河流域国家级自然保护区管理局","530000210000000022825","一般公用经费","2080502","事业单位离退休","30299","其他商品和服务支出",{"v":7020,"d":"7,020.00"},{"v":7020,"d":"7,020.00"},{"v":1755,"d":"1,755.00"},null,{"v":5265,"d":"5,265.00"}]
["纳板河流域国家级自然保护区管理局","530000210000000022825","一般公用经费","2110401","生态保护","30201","办公费",{"v":65428.92,"d":"65,428.92"},{"v":65428.92,"d":"65,428.92"},null,null,{"v":65428.92,"d":"65,428.92"}]
["纳板河流域国家级自然保护区管理局","530000210000000022825","一般公用经费","2110401","生态保护","30205","水费",{"v":8000,"d":"8,000.00"},{"v":8000,"d":"8,000.00"},{"v":2000,"d":"2,000.00"},null,{"v":6000,"d":"6,000.00"}]
["纳板河流域国家级自然保护区管理局","530000210000000022825","一般公用经费","2110401","生态保护","30206","电费",{"v":12000,"d":"12,000.00"},{"v":12000,"d":"12,000.00"},{"v":3000,"d":"3,000.00"},null,{"v":9000,"d":"9,000.00"}]
["纳板河流域国家级自然保护区管理局","530000210000000022825","一般公用经费","2110401","生态保护","30211","差旅费",{"v":3000,"d":"3,000.00"},{"v":3000,"d":"3,000.00"},{"v":750,"d":"750.00"},null,{"v":2250,"d":"2,250.00"}]
["纳板河流域国家级自然保护区管理局","530000210000000022825","一般公用经费","2110401","生态保护","30213","维修（护）费",{"v":2000,"d":"2,000.00"},{"v":2000,"d":"2,000.00"},{"v":500,"d":"500.00"},null,{"v":1500,"d":"1,500.00"}]
["纳板河流域国家级自然保护区管理局","530000210000000022825","一般公用经费","2110401","生态保护","30299","其他商品和服务支出",{"v":114887.54,"d":"114,887.54"},{"v":114887.54,"d":"114,887.54"},{"v":21221.89,"d":"21,221.89"},null,{"v":93665.65,"d":"93,665.65"}]
["合  计",{"$nulls":6},{"v":4798293.78,"d":"4,798,293.78"},{"v":4798293.78,"d":"4,798,293.78"},{"v":1158045.29,"d":"1,158,045.29"},null,{"v":3640248.49,"d":"3,640,248.49"}]

{"sheet":"部门项目支出预算表05-1","index":7,"n_rows":38,"n_cols":23,"rows_kept":38,"merged":[[1,0,1,22],[2,0,2,8],[3,0,5,0],[3,1,5,1],[3,2,5,2],[3,3,5,3],[3,4,5,4],[3,5,5,5],[3,6,5,6],[3,7,5,7],[3,8,5,8],[3,9,3,12],[3,13,3,15],[3,16,5,16],[3,17,3,22],[4,9,4,10],[4,11,5,11],[4,12,5,12],[4,13,5,13],[4,14,5,14],[4,15,5,15],[4,17,5,17],[4,18,5,18],[4,19,5,19],[4,20,5,20],[4,21,5,21],[4,22,5,22],[37,0,37,7]]}
[{"$nulls":22},"预算05-1表"]
["2026年部门项目支出预算表"]
[{"$f":"\"单位名称：\"&\"纳板河流域国家级自然保护区管理局\"","v":"单位名称：纳板河流域国家级自然保护区管理局"},"单位名称：纳板河流域国家级自然保护区管理局",{"$nulls":20},"单位：元"]
["项目分类","项目代码","项目名称","项目单位","功能科目编码","功能科目名称","经济科目编码","经济科目名称","合计","本年拨款",{"$nulls":3},"财政拨款结转结余",null,null,"财政专户管理资金","单位资金"]
[{"$nulls":9},"一般公共预算",null,"政府性基金预算","国有资本经营预算","一般公共预算","政府性基金预算","国有资本经营预算",null,"小计","事业收入","事业单位\n经营收入","上级补助收入","附属单位上缴收入","其他收入"]
[{"$nulls":9},"小计","其中：本次下达"]
[1,2,3,4,5,6,7,8,9,10,11,12,13,14,15,16,17,18,19,20,21,22,23]
[null,null,"2025年中央财政林业草原生态保护资金国家级自然保护区补助经费",{"$nulls":5},{"v":4800,"d":"4,800.00"},{"$nulls":4},{"v":4800,"d":"4,800.00"}]
["专项业务类","530000251100003836492","2025年中央财政林业草原生态保护资金国家级自然保护区补助经费","纳板河流域国家级自然保护区管理局","2110406","自然保护地","30226","劳务费",{"v":4800,"d":"4,800.00"},{"$nulls":4},{"v":4800,"d":"4,800.00"}]
[null,null,"纳板河流域国家级自然保护区管护监测及社区共管专项资金",{"$nulls":5},{"v":653272.66,"d":"653,272.66"},{"v":610000,"d":"610,000.00"},{"v":610000,"d":"610,000.00"},null,null,{"v":43272.66,"d":"43,272.66"}]
["事业发展类","530000231100001041099","纳板河流域国家级自然保护区管护监测及社区共管专项资金","纳板河流域国家级自然保护区管理局","2110406","自然保护地","30207","邮电费",{"v":60000,"d":"60,000.00"},{"v":60000,"d":"60,000.00"},{"v":60000,"d":"60,000.00"}]
["事业发展类","530000231100001041099","纳板河流域国家级自然保护区管护监测及社区共管专项资金","纳板河流域国家级自然保护区管理局","2110406","自然保护地","30211","差旅费",{"v":150000,"d":"150,000.00"},{"v":150000,"d":"150,000.00"},{"v":150000,"d":"150,000.00"}]
["事业发展类","530000231100001041099","纳板河流域国家级自然保护区管护监测及社区共管专项资金","纳板河流域国家级自然保护区管理局","2110406","自然保护地","30213","维修（护）费",{"v":110732.59,"d":"110,732.59"},{"v":100000,"d":"100,000.00"},{"v":100000,"d":"100,000.00"},null,null,{"v":10732.59,"d":"10,732.59"}]
["事业发展类","530000231100001041099","纳板河流域国家级自然保护区管护监测及社区共管专项资金","纳板河流域国家级自然保护区管理局","2110406","自然保护地","30214","租赁费",{"v":2000,"d":"2,000.00"},{"v":2000,"d":"2,000.00"},{"v":2000,"d":"2,000.00"}]
["事业发展类","530000231100001041099","纳板河流域国家级自然保护区管护监测及社区共管专项资金","纳板河流域国家级自然保护区管理局","2110406","自然保护地","30216","培训费",{"v":33325,"d":"33,325.00"},{"v":33325,"d":"33,325.00"},{"v":33325,"d":"33,325.00"}]
["事业发展类","530000231100001041099","纳板河流域国家级自然保护区管护监测及社区共管专项资金","纳板河流域国家级自然保护区管理局","2110406","自然保护地","30218","专用材料费",{"v":11715,"d":"11,715.00"},{"v":11715,"d":"11,715.00"},{"v":11715,"d":"11,715.00"}]
["事业发展类","530000231100001041099","纳板河流域国家级自然保护区管护监测及社区共管专项资金","纳板河流域国家级自然保护区管理局","2110406","自然保护地","30225","专用燃料费",{"v":52960,"d":"52,960.00"},{"v":52960,"d":"52,960.00"},{"v":52960,"d":"52,960.00"}]
["事业发展类","530000231100001041099","纳板河流域国家级自然保护区管护监测及社区共管专项资金","纳板河流域国家级自然保护区管理局","2110406","自然保护地","30226","劳务费",{"v":182540.07,"d":"182,540.07"},{"v":150000,"d":"150,000.00"},{"v":150000,"d":"150,000.00"},null,null,{"v":32540.07,"d":"32,540.07"}]
["事业发展类","530000231100001041099","纳板河流域国家级自然保护区管护监测及社区共管专项资金","纳板河流域国家级自然保护区管理局","2110406","自然保护地","30299","其他商品和服务支出",{"v":50000,"d":"50,000.00"},{"v":50000,"d":"50,000.00"},{"v":50000,"d":"50,000.00"}]
[null,null,"纳板河流域国家级自然保护区森林管护及防火专项资金",{"$nulls":5},{"v":2820000,"d":"2,820,000.00"},{"$nulls":8},{"v":2820000,"d":"2,820,000.00"},{"$nulls":4},{"v":2820000,"d":"2,820,000.00"}]
["事业发展类","530000231100001041101","纳板河流域国家级自然保护区森林管护及防火专项资金","纳板河流域国家级自然保护区管理局","2110501","森林管护","30213","维修（护）费",{"v":328420,"d":"328,420.00"},{"$nulls":8},{"v":328420,"d":"328,420.00"},{"$nulls":4},{"v":328420,"d":"328,420.00"}]
["事业发展类","530000231100001041101","纳板河流域国家级自然保护区森林管护及防火专项资金","纳板河流域国家级自然保护区管理局","2110501","森林管护","30216","培训费",{"v":83000,"d":"83,000.00"},{"$nulls":8},{"v":83000,"d":"83,000.00"},{"$nulls":4},{"v":83000,"d":"83,000.00"}]
["事业发展类","530000231100001041101","纳板河流域国家级自然保护区森林管护及防火专项资金","纳板河流域国家级自然保护区管理局","2110501","森林管护","30218","专用材料费",{"v":238900,"d":"238,900.00"},{"$nulls":8},{"v":238900,"d":"238,900.00"},{"$nulls":4},{"v":238900,"d":"238,900.00"}]
["事业发展类","530000231100001041101","纳板河流域国家级自然保护区森林管护及防火专项资金","纳板河流域国家级自然保护区管理局","2110501","森林管护","30225","专用燃料费",{"v":109860,"d":"109,860.00"},{"$nulls":8},{"v":109860,"d":"109,860.00"},{"$nulls":4},{"v":109860,"d":"109,860.00"}]
["事业发展类","530000231100001041101","纳板河流域国家级自然保护区森林管护及防火专项资金","纳板河流域国家级自然保护区管理局","2110501","森林管护","30226","劳务费",{"v":1842320,"d":"1,842,320.00"},{"$nulls":8},{"v":1842320,"d":"1,842,320.00"},{"$nulls":4},{"v":1842320,"d":"1,842,320.00"}]
["事业发展类","530000231100001041101","纳板河流域国家级自然保护区森林管护及防火专项资金","纳板河流域国家级自然保护区管理局","2110501","森林管护","30239","其他交通费用",{"v":20000,"d":"20,000.00"},{"$nulls":8},{"v":20000,"d":"20,000.00"},{"$nulls":4},{"v":20000,"d":"20,000.00"}]
["事业发展类","530000231100001041101","纳板河流域国家级自然保护区森林管护及防火专项资金","纳板河流域国家级自然保护区管理局","2110501","森林管护","30299","其他商品和服务支出",{"v":40000,"d":"40,000.00"},{"$nulls":8},{"v":40000,"d":"40,000.00"},{"$nulls":4},{"v":40000,"d":"40,000.00"}]
["事业发展类","530000231100001041101","纳板河流域国家级自然保护区森林管护及防火专项资金","纳板河流域国家级自然保护区管理局","2110501","森林管护","31003","专用设备购置",{"v":107500,"d":"107,500.00"},{"$nulls":8},{"v":107500,"d":"107,500.00"},{"$nulls":4},{"v":107500,"d":"107,500.00"}]
["事业发展类","530000231100001041101","纳板河流域国家级自然保护区森林管护及防火专项资金","纳板河流域国家级自然保护区管理局","2130234","林业草原防灾减灾","30218","专用材料费",{"v":10000,"d":"10,000.00"},{"$nulls":8},{"v":10000,"d":"10,000.00"},{"$nulls":4},{"v":10000,"d":"10,000.00"}]
["事业发展类","530000231100001041101","纳板河流域国家级自然保护区森林管护及防火专项资金","纳板河流域国家级自然保护区管理局","2130234","林业草原防灾减灾","30226","劳务费",{"v":20000,"d":"20,000.00"},{"$nulls":8},{"v":20000,"d":"20,000.00"},{"$nulls":4},{"v":20000,"d":"20,000.00"}]
["事业发展类","530000231100001041101","纳板河流域国家级自然保护区森林管护及防火专项资金","纳板河流域国家级自然保护区管理局","2130234","林业草原防灾减灾","30299","其他商品和服务支出",{"v":20000,"d":"20,000.00"},{"$nulls":8},{"v":20000,"d":"20,000.00"},{"$nulls":4},{"v":20000,"d":"20,000.00"}]
[null,null,"森林防火专项经费纳板河保护区补助资金",{"$nulls":5},{"v":100000,"d":"100,000.00"},{"v":100000,"d":"100,000.00"},{"v":100000,"d":"100,000.00"}]
["事业发展类","530000261100004554971","森林防火专项经费纳板河保护区补助资金","纳板河流域国家级自然保护区管理局","2130234","林业草原防灾减灾","30299","其他商品和服务支出",{"v":10000,"d":"10,000.00"},{"v":10000,"d":"10,000.00"},{"v":10000,"d":"10,000.00"}]
["事业发展类","530000261100004554971","森林防火专项经费纳板河保护区补助资金","纳板河流域国家级自然保护区管理局","2130234","林业草原防灾减灾","31003","专用设备购置",{"v":90000,"d":"90,000.00"},{"v":90000,"d":"90,000.00"},{"v":90000,"d":"90,000.00"}]
[null,null,"银龄工程师补助资金",{"$nulls":5},{"v":50000,"d":"50,000.00"},{"v":50000,"d":"50,000.00"},{"v":50000,"d":"50,000.00"}]
["事业发展类","530000261100005156901","银龄工程师补助资金","纳板河流域国家级自然保护区管理局","2110406","自然保护地","30211","差旅费",{"v":8000,"d":"8,000.00"},{"v":8000,"d":"8,000.00"},{"v":8000,"d":"8,000.00"}]
["事业发展类","530000261100005156901","银龄工程师补助资金","纳板河流域国家级自然保护区管理局","2110406","自然保护地","30226","劳务费",{"v":42000,"d":"42,000.00"},{"v":42000,"d":"42,000.00"},{"v":42000,"d":"42,000.00"}]
["合  计",{"$nulls":7},{"v":3628072.66,"d":"3,628,072.66"},{"v":760000,"d":"760,000.00"},{"v":760000,"d":"760,000.00"},null,null,{"v":48072.66,"d":"48,072.66"},{"$nulls":3},{"v":2820000,"d":"2,820,000.00"},{"$nulls":4},{"v":2820000,"d":"2,820,000.00"}]

{"sheet":"部门项目支出绩效目标表05-2","index":8,"n_rows":28,"n_cols":10,"rows_kept":28,"merged":[[1,0,1,9],[2,0,2,7],[6,0,13,0],[6,1,13,1],[14,0,18,0],[14,1,18,1],[19,0,22,0],[19,1,22,1],[23,0,27,0],[23,1,27,1]]}
[{"$nulls":9},"预算05-2表"]
["2026年部门项目支出绩效目标表"]
[{"$f":"\"单位名称：\"&\"纳板河流域国家级自然保护区管理局\"","v":"单位名称：纳板河流域国家级自然保护区管理局"}]
["单位名称、项目名称","项目年度绩效目标","一级指标","二级指标","三级指标","指标性质","指标值","度量单位","指标属性","指标内容"]
[1,2,3,4,5,6,7,8,9,10]
["纳板河流域国家级自然保护区管理局"]
["纳板河流域国家级自然保护区森林管护及防火专项资金","通过《2026年纳板河流域国家级自然保护区森林管护及防火专项资金》项目的实施，聘用62人的护林人员和50人的扑火队员，对他们开展业务能力培训，并购置护林装备及防灭火装备，组建一支强有力的森林管护队伍。通过森林防火和生态保护等宣传品制作、发放、进村入寨宣传，使保护区内受到宣传的村寨及学校数量达到30个以上，2026年森林火灾发生率为0。妥善处理保护与发展的关系，持续提升保护区森林管护能力。保障62名护林员的劳务报酬、年度总巡护里程达9万公里以上、保障8个管护设施的维护运行、保障2艘船只的运行和维护、保障2辆公务用车的正常运行修缮和维护、保障巡护摩托和消防水车及扑火机具维护保养等。","产出指标","数量指标","管护设施维修维护个数","=","8","个","定量指标","反映保护区管护设施是否得到良好维护。"]
["纳板河流域国家级自然保护区森林管护及防火专项资金","通过《2026年纳板河流域国家级自然保护区森林管护及防火专项资金》项目的实施，聘用62人的护林人员和50人的扑火队员，对他们开展业务能力培训，并购置护林装备及防灭火装备，组建一支强有力的森林管护队伍。通过森林防火和生态保护等宣传品制作、发放、进村入寨宣传，使保护区内受到宣传的村寨及学校数量达到30个以上，2026年森林火灾发生率为0。妥善处理保护与发展的关系，持续提升保护区森林管护能力。保障保障62名护林员的劳务报酬、年度总巡护里程达9万公里以上、保障8个管护设施的维护运行、保障2艘船只的运行和维护、保障2辆公务用车的正常运行修缮和维护、保障巡护摩托和消防水车及扑火机具维护保养等。","产出指标","数量指标","护林员聘用人数",">=","62","人","定量指标","反映护林员配备是否合理。"]
["纳板河流域国家级自然保护区森林管护及防火专项资金","通过《2026年纳板河流域国家级自然保护区森林管护及防火专项资金》项目的实施，聘用62人的护林人员和50人的扑火队员，对他们开展业务能力培训，并购置护林装备及防灭火装备，组建一支强有力的森林管护队伍。通过森林防火和生态保护等宣传品制作、发放、进村入寨宣传，使保护区内受到宣传的村寨及学校数量达到30个以上，2026年森林火灾发生率为0。妥善处理保护与发展的关系，持续提升保护区森林管护能力。保障保障62名护林员的劳务报酬、年度总巡护里程达9万公里以上、保障8个管护设施的维护运行、保障2艘船只的运行和维护、保障2辆公务用车的正常运行修缮和维护、保障巡护摩托和消防水车及扑火机具维护保养等。","产出指标","数量指标","年巡护里程",">=","90000","公里","定量指标","衡量巡护人员在规定时间内完成的巡护里程是否达到预定目标。"]
["纳板河流域国家级自然保护区森林管护及防火专项资金","通过《2026年纳板河流域国家级自然保护区森林管护及防火专项资金》项目的实施，聘用62人的护林人员和50人的扑火队员，对他们开展业务能力培训，并购置护林装备及防灭火装备，组建一支强有力的森林管护队伍。通过森林防火和生态保护等宣传品制作、发放、进村入寨宣传，使保护区内受到宣传的村寨及学校数量达到30个以上，2026年森林火灾发生率为0。妥善处理保护与发展的关系，持续提升保护区森林管护能力。保障保障62名护林员的劳务报酬、年度总巡护里程达9万公里以上、保障8个管护设施的维护运行、保障2艘船只的运行和维护、保障2辆公务用车的正常运行修缮和维护、保障巡护摩托和消防水车及扑火机具维护保养等。","产出指标","质量指标","项目验收合格率","=","100","%","定量指标","反映项目购置装备及管护设施修缮情况。"]
["纳板河流域国家级自然保护区森林管护及防火专项资金","通过《2026年纳板河流域国家级自然保护区森林管护及防火专项资金》项目的实施，聘用62人的护林人员和50人的扑火队员，对他们开展业务能力培训，并购置护林装备及防灭火装备，组建一支强有力的森林管护队伍。通过森林防火和生态保护等宣传品制作、发放、进村入寨宣传，使保护区内受到宣传的村寨及学校数量达到30个以上，2026年森林火灾发生率为0。妥善处理保护与发展的关系，持续提升保护区森林管护能力。保障保障62名护林员的劳务报酬、年度总巡护里程达9万公里以上、保障8个管护设施的维护运行、保障2艘船只的运行和维护、保障2辆公务用车的正常运行修缮和维护、保障巡护摩托和消防水车及扑火机具维护保养等。","产出指标","时效指标","任务完成及时率",">=","95","%","定量指标","反映项目完成进度。"]
["纳板河流域国家级自然保护区森林管护及防火专项资金","通过《2026年纳板河流域国家级自然保护区森林管护及防火专项资金》项目的实施，聘用62人的护林人员和50人的扑火队员，对他们开展业务能力培训，并购置护林装备及防灭火装备，组建一支强有力的森林管护队伍。通过森林防火和生态保护等宣传品制作、发放、进村入寨宣传，使保护区内受到宣传的村寨及学校数量达到30个以上，2026年森林火灾发生率为0。妥善处理保护与发展的关系，持续提升保护区森林管护能力。保障保障62名护林员的劳务报酬、年度总巡护里程达9万公里以上、保障8个管护设施的维护运行、保障2艘船只的运行和维护、保障2辆公务用车的正常运行修缮和维护、保障巡护摩托和消防水车及扑火机具维护保养等。","效益指标","社会效益","宣传村寨及学校数量",">=","30","个","定量指标","反映社区村民受宣传教育情况。"]
["纳板河流域国家级自然保护区森林管护及防火专项资金","通过《2026年纳板河流域国家级自然保护区森林管护及防火专项资金》项目的实施，聘用62人的护林人员和50人的扑火队员，对他们开展业务能力培训，并购置护林装备及防灭火装备，组建一支强有力的森林管护队伍。通过森林防火和生态保护等宣传品制作、发放、进村入寨宣传，使保护区内受到宣传的村寨及学校数量达到30个以上，2026年森林火灾发生率为0。妥善处理保护与发展的关系，持续提升保护区森林管护能力。保障保障62名护林员的劳务报酬、年度总巡护里程达9万公里以上、保障8个管护设施的维护运行、保障2艘船只的运行和维护、保障2辆公务用车的正常运行修缮和维护、保障巡护摩托和消防水车及扑火机具维护保养等。","效益指标","生态效益","森林火灾发生次数","=","0","次","定量指标","反映森林防火工作完成情况。"]
["纳板河流域国家级自然保护区森林管护及防火专项资金","通过《2026年纳板河流域国家级自然保护区森林管护及防火专项资金》项目的实施，聘用62人的护林人员和50人的扑火队员，对他们开展业务能力培训，并购置护林装备及防灭火装备，组建一支强有力的森林管护队伍。通过森林防火和生态保护等宣传品制作、发放、进村入寨宣传，使保护区内受到宣传的村寨及学校数量达到30个以上，2026年森林火灾发生率为0。妥善处理保护与发展的关系，持续提升保护区森林管护能力。保障保障62名护林员的劳务报酬、年度总巡护里程达9万公里以上、保障8个管护设施的维护运行、保障2艘船只的运行和维护、保障2辆公务用车的正常运行修缮和维护、保障巡护摩托和消防水车及扑火机具维护保养等。","效益指标","可持续影响","保护区森林管护能力可持续提升",">=","85","%","定量指标","反映资源保护、保护区管理、森林防火和宣传教育等综合能力可持续性提升情况。"]
["纳板河流域国家级自然保护区管护监测及社区共管专项资金","通过制作各类宣传品到区内开展宣传教育活动，确保覆盖区内至少20个村寨；保障管理局基础设施零星维修保障、差旅保障、信息网络运行维护、巡护船只保障等工作；组织区内群众至少60人开展生物多样性培训，促进区内生态环境和自然资源得到可持续保护，区内无森林火灾发生，当地社区经济得到持续发展。在项目完结后完成提交至少2份监测报告。","产出指标","数量指标","编制印制《纳板河》通讯",">=","600","份","定量指标","反映年度编制印制《纳板河》通讯录数量。"]
["纳板河流域国家级自然保护区管护监测及社区共管专项资金","通过制作各类宣传品到区内开展宣传教育活动，确保覆盖到区内至少20个村寨；保障管理局基础设施零星维修保障、差旅保障、信息网络运行维护、巡护船只保障等工作；组织区内群众至少60人以上开展生物多样性培训，促进区内生态环境和自然资源得到可持续，区内无森林火灾发生，当地社区经济得到持续发展。在项目完结后完成提交至少2份监测报告。","产出指标","数量指标","区内群众参与培训人数",">=","60","人","定量指标","区内群众参与培训人数。"]
["纳板河流域国家级自然保护区管护监测及社区共管专项资金","通过制作各类宣传品到区内开展宣传教育活动，确保覆盖到区内至少20个村寨；保障管理局基础设施零星维修保障、差旅保障、信息网络运行维护、巡护船只保障等工作；组织区内群众至少60人以上开展生物多样性培训，促进区内生态环境和自然资源得到可持续，区内无森林火灾发生，当地社区经济得到持续发展。在项目完结后完成提交至少2份监测报告。","产出指标","质量指标","设施维护验收合格率","=","100","%","定量指标","反映采购质量情况。合格率=实际质量合格完成量/目标量*100%。"]
["纳板河流域国家级自然保护区管护监测及社区共管专项资金","通过制作各类宣传品到区内开展宣传教育活动，确保覆盖到区内至少20个村寨；保障管理局基础设施零星维修保障、差旅保障、信息网络运行维护、巡护船只保障等工作；组织区内群众至少60人以上开展生物多样性培训，促进区内生态环境和自然资源得到可持续，区内无森林火灾发生，当地社区经济得到持续发展。在项目完结后完成提交至少2份监测报告。","效益指标","社会效益","保护宣传涵盖村小组数量",">=","20","个","定量指标","版纳鱼螈监测报告、易地保护报告。"]
["纳板河流域国家级自然保护区管护监测及社区共管专项资金","通过制作各类宣传品到区内开展宣传教育活动，确保覆盖到区内至少20个村寨；保障管理局基础设施零星维修保障、差旅保障、信息网络运行维护、巡护船只保障等工作；组织区内群众至少60人以上开展生物多样性培训，促进区内生态环境和自然资源得到可持续，区内无森林火灾发生，当地社区经济得到持续发展。在项目完结后完成提交至少2份监测报告。","效益指标","生态效益","监测报告","=","2","份","定量指标","反映项目完结后出具报告份数。"]
["银龄工程师补助资金","2026年度聘用1名","产出指标","数量指标","完成聘用银龄工程师人数指标","=","100","%","定量指标","2026年度完成聘用银龄工程师人数。"]
["银龄工程师补助资金","2026年度聘用1名","效益指标","社会效益","单位相关技术人员能力提升",">=","70","%","定量指标","根据服务协议内容安排。"]
["银龄工程师补助资金","2026年度聘用1名","满意度指标","服务对象满意度","聘用单位满意度",">=","90","%","定量指标","年度末聘用单位对聘用人员服务满意度。"]
["银龄工程师补助资金","2026年度聘用1名","成本指标","经济成本指标","项目成本支出","<=","50000","元","定量指标","本次项目完结后使用资金成本。"]
["森林防火专项经费纳板河保护区补助资金","通过本项目的实施，购置1台数字对讲机、18台背负式中继台，用以提升森林防火和资源管护工作的通信可靠性、应急响应速度和资源管理精细化水平，保障保护区森林防火专业队伍设备保障，进一步完善保护区森林防火体系。制作或者采购一些宣传用品开展森林防火宣传教育，增强社区群众森林防火意识，提高保护区对森林火灾防范及扑救的能力和水平。确保购置的通讯装备及宣传用品的合格率达100%，对保护区内群众的宣传教育率达90%以上，保护区森林管护能力可持续提升率达90%以上。","产出指标","数量指标","采购防火用数字对讲机及中继台","=","19","台/套","定量指标","反映年度防火通讯装备购置数量。"]
["森林防火专项经费纳板河保护区补助资金","通过本项目的实施，购置1台数字对讲机、18台背负式中继台，用以提升森林防火和资源管护工作的通信可靠性、应急响应速度和资源管理精细化水平，保障保护区森林防火专业队伍设备保障，进一步完善保护区森林防火体系。制作或者采购一些宣传用品开展森林防火宣传教育，增强社区群众森林防火意识，提高保护区对森林火灾防范及扑救的能力和水平。确保购置的通讯装备及宣传用品的合格率达100%，对保护区内群众的宣传教育率达90%以上，保护区森林管护能力可持续提升率达90%以上.","产出指标","质量指标","购置通讯装备合格率","=","100","%","定量指标","反映年度通讯装备质量完成情况。合格率=实际质量合格完成量/目标量*100%。"]
["森林防火专项经费纳板河保护区补助资金","通过本项目的实施，购置1台数字对讲机、18台背负式中继台，用以提升森林防火和资源管护工作的通信可靠性、应急响应速度和资源管理精细化水平，保障保护区森林防火专业队伍设备保障，进一步完善保护区森林防火体系。制作或者采购一些宣传用品开展森林防火宣传教育，增强社区群众森林防火意识，提高保护区对森林火灾防范及扑救的能力和水平。确保购置的通讯装备及宣传用品的合格率达100%，对保护区内群众的宣传教育率达90%以上，保护区森林管护能力可持续提升率达90%以上.","产出指标","质量指标","购置宣传用品合格率","=","100","%","定量指标","反映年度宣传用品完成情况。合格率=实际质量合格完成量/目标量*100%。"]
["森林防火专项经费纳板河保护区补助资金","通过本项目的实施，购置1台数字对讲机、18台背负式中继台，用以提升森林防火和资源管护工作的通信可靠性、应急响应速度和资源管理精细化水平，保障保护区森林防火专业队伍设备保障，进一步完善保护区森林防火体系。制作或者采购一些宣传用品开展森林防火宣传教育，增强社区群众森林防火意识，提高保护区对森林火灾防范及扑救的能力和水平。确保购置的通讯装备及宣传用品的合格率达100%，对保护区内群众的宣传教育率达90%以上，保护区森林管护能力可持续提升率达90%以上.","效益指标","社会效益","对保护区内群众宣传教育率",">=","90","%","定量指标","反映社区村民受宣传教育情况。区内群众宣传教育率=实际宣传教育量/目标量*100%。"]
["森林防火专项经费纳板河保护区补助资金","通过本项目的实施，购置1台数字对讲机、18台背负式中继台，用以提升森林防火和资源管护工作的通信可靠性、应急响应速度和资源管理精细化水平，保障保护区森林防火专业队伍设备保障，进一步完善保护区森林防火体系。制作或者采购一些宣传用品开展森林防火宣传教育，增强社区群众森林防火意识，提高保护区对森林火灾防范及扑救的能力和水平。确保购置的通讯装备及宣传用品的合格率达100%，对保护区内群众的宣传教育率达90%以上，保护区森林管护能力可持续提升率达90%以上.","效益指标","可持续影响","保护区森林管护能力可持续提升率",">=","90","%","定量指标","反映资源保护、保护区管理、森林防火和宣传教育等综合能力可持续性提升情况。按完成率评分。"]

{"sheet":"部门政府性基金预算表06","index":9,"n_rows":9,"n_cols":6,"rows_kept":9,"merged":[[1,0,1,5],[3,0,4,0],[3,1,4,1],[3,2,4,2],[3,3,3,5],[7,0,7,2]]}
[{"$nulls":5},"预算06表"]
["2026年政府性基金预算支出预算表"]
[{"$f":"\"单位名称：\"&\"纳板河流域国家级自然保护区管理局\"","v":"单位名称：纳板河流域国家级自然保护区管理局"},{"$nulls":4},"单位：元"]
["单位名称","科目编码","科目名称","政府性基金预算支出"]
[{"$nulls":3},"合计","基本支出","项目支出"]
[1,2,3,4,5,6]
[]
["合  计",null,"合  计"]
["备注：纳板河流域国家级自然保护区管理局2026年度无政府性基金预算支出预算，故此表为空表，特此说明。"]

{"sheet":"部门政府采购预算表07","index":10,"n_rows":17,"n_cols":17,"rows_kept":17,"merged":[[1,0,1,16],[2,0,2,5],[3,0,5,0],[3,1,5,1],[3,2,5,2],[3,3,5,3],[3,4,5,4],[3,5,5,5],[3,6,3,16],[4,6,5,6],[4,7,5,7],[4,8,5,8],[4,9,5,9],[4,10,5,10],[4,11,4,16],[16,0,16,4]]}
[{"$nulls":16},"预算07表"]
["2026年部门政府采购预算表"]
[{"$f":"\"单位名称：\"&\"纳板河流域国家级自然保护区管理局\"","v":"单位名称：纳板河流域国家级自然保护区管理局"},{"$nulls":15},"单位：元"]
["预算项目","采购项目","采购品目","计量\n单位","数量","面向中小企业预留资金","资金来源"]
[{"$nulls":6},"合计","一般公共预算","政府性\n基金","国有资本经营收益","财政专户管理的收入","单位自筹"]
[{"$nulls":7},"小计",{"$nulls":3},"小计","事业收入","事业单位\n经营收入","上级补助收入","附属单位上缴收入","其他收入"]
[1,2,3,4,5,6,7,8,9,10,11,12,13,14,15,16,17]
["纳板河流域国家级自然保护区管理局",{"$nulls":5},{"v":168000,"d":"168,000.00"},{"v":138500,"d":"138,500.00"},{"$nulls":3},{"v":29500,"d":"29,500.00"},{"$nulls":4},{"v":29500,"d":"29,500.00"}]
["公车购置及运维费","车辆加油","C23120302 车辆加油、添加燃料服务","项",1,null,{"v":40000,"d":"40,000.00"},{"v":40000,"d":"40,000.00"}]
["公车购置及运维费","车辆维修保养","C23120301 车辆维修和保养服务","项",1,null,{"v":50000,"d":"50,000.00"},{"v":50000,"d":"50,000.00"}]
["公车购置及运维费","车辆保险","C1804010201 机动车保险服务","项",1,null,{"v":14000,"d":"14,000.00"},{"v":14000,"d":"14,000.00"}]
["一般公用经费","便携式计算机","A02010108 便携式计算机","台",5,null,{"v":17500,"d":"17,500.00"},{"v":17500,"d":"17,500.00"}]
["一般公用经费","电脑软件","A08060301 基础软件","套",5,null,{"v":8000,"d":"8,000.00"},{"v":8000,"d":"8,000.00"}]
["一般公用经费","空调","A02061804 空调机","台",3,null,{"v":9000,"d":"9,000.00"},{"v":9000,"d":"9,000.00"}]
["纳板河流域国家级自然保护区森林管护及防火专项资金","管理站用床","A05010199 其他床类","套",4,null,{"v":12000,"d":"12,000.00"},{"$nulls":4},{"v":12000,"d":"12,000.00"},{"$nulls":4},{"v":12000,"d":"12,000.00"}]
["纳板河流域国家级自然保护区森林管护及防火专项资金","管理站用床","A05010199 其他床类","套",7,null,{"v":17500,"d":"17,500.00"},{"$nulls":4},{"v":17500,"d":"17,500.00"},{"$nulls":4},{"v":17500,"d":"17,500.00"}]
["合  计",{"$nulls":5},{"v":168000,"d":"168,000.00"},{"v":138500,"d":"138,500.00"},{"$nulls":3},{"v":29500,"d":"29,500.00"},{"$nulls":4},{"v":29500,"d":"29,500.00"}]

{"sheet":"部门政府购买服务预算表08","index":11,"n_rows":11,"n_cols":14,"rows_kept":11,"merged":[[1,0,1,13],[2,0,2,2],[3,0,5,0],[3,1,5,1],[3,2,5,2],[3,3,3,13],[4,3,5,3],[4,4,5,4],[4,5,5,5],[4,6,5,6],[4,7,5,7],[4,8,4,13],[9,0,9,2]]}
[{"$nulls":13},"预算08表"]
["2026年部门政府购买服务预算表"]
[{"$f":"\"单位名称：\"&\"纳板河流域国家级自然保护区管理局\"","v":"单位名称：纳板河流域国家级自然保护区管理局"},{"$nulls":12},"单位：元"]
["预算项目","政府购买服务项目","政府购买服务目录","资金来源"]
[{"$nulls":3},"合计","一般公共预算","政府性\n基金","国有资本经营收益","财政专户管理的收入","单位自筹"]
[{"$nulls":8},"小计","事业收入","事业单位\n经营收入","上级补助收入","附属单位上缴收入","其他收入"]
[1,2,3,4,5,6,7,8,9,10,11,12,13,14]
[]
[]
["合  计"]
["备注：纳板河流域国家级自然保护区管理局2026年度无部门政府购买服务预算，故此表为空表，特此说明。"]

{"sheet":"省对下转移支付预算表09-1","index":12,"n_rows":9,"n_cols":24,"rows_kept":9,"merged":[[1,0,1,23],[2,0,2,8],[3,0,4,0],[3,1,3,3],[3,4,3,23]]}
[{"$nulls":23},"预算09-1表"]
["2026年省对下转移支付预算表"]
[{"$f":"\"单位名称：\"&\"纳板河流域国家级自然保护区管理局\"","v":"单位名称：纳板河流域国家级自然保护区管理局"},{"$nulls":22},"单位：元"]
["单位名称（项目）","资金来源",null,null,"地区"]
[null,"合计","一般公共预算","政府性基金","昆明","昭通","曲靖","玉溪","红河","文山","普洱","西双版纳","楚雄","大理","保山","德宏","丽江","怒江","迪庆","临沧","宣威","腾冲","镇雄","未分配到地区数"]
[1,2,3,4,5,6,7,8,9,10,11,12,13,14,15,16,17,18,19,20,21,22,23,24]
[]
[]
["备注：纳板河流域国家级自然保护区管理局2026年度无省对下转移支付预算，故此表为空表，特此说明。"]

{"sheet":"省对下转移支付绩效目标表09-2","index":13,"n_rows":8,"n_cols":10,"rows_kept":8,"merged":[[1,0,1,9],[2,0,2,7]]}
[{"$nulls":9},"预算09-2表"]
["2026年省对下转移支付绩效目标表"]
[{"$f":"\"单位名称：\"&\"纳板河流域国家级自然保护区管理局\"","v":"单位名称：纳板河流域国家级自然保护区管理局"}]
["单位名称、项目名称","项目年度绩效目标","一级指标","二级指标","三级指标","指标性质","指标值","度量单位","指标属性","指标内容"]
[1,2,3,4,5,6,7,8,9,10]
[]
[]
["备注：纳板河流域国家级自然保护区管理局2026年度无省对下转移支付绩效目标，故此表为空表，特此说明。"]

{"sheet":"新增资产配置表10","index":14,"n_rows":31,"n_cols":8,"rows_kept":31,"merged":[[1,0,1,7],[3,0,4,0],[3,1,4,1],[3,2,4,2],[3,3,4,3],[3,4,4,4],[3,5,3,7],[29,0,29,4],[30,0,30,7]]}
[{"$nulls":7},"预算10表"]
["2026年新增资产配置表"]
[{"$f":"\"单位名称：\"&\"纳板河流域国家级自然保护区管理局\"","v":"单位名称：纳板河流域国家级自然保护区管理局"}]
["单位名称","资产类别","资产分类代码.名称","资产名称","计量单位","财政部门批复数（元）"]
[{"$nulls":5},"数量","单价","金额"]
["1","2","3","4","5","6","7","8"]
["纳板河流域国家级自然保护区管理局","设备","A02010105 台式计算机","台式电脑","台",3,{"v":1600,"d":"1,600.00"},{"v":4800,"d":"4,800.00"}]
["纳板河流域国家级自然保护区管理局","设备","A02010105 台式计算机","台式电脑","台",3,{"v":4500,"d":"4,500.00"},{"v":13500,"d":"13,500.00"}]
["纳板河流域国家级自然保护区管理局","设备","A02010108 便携式计算机","笔记本电脑","台",5,{"v":7500,"d":"7,500.00"},{"v":37500,"d":"37,500.00"}]
["纳板河流域国家级自然保护区管理局","设备","A02052305 空调机组","空调","台",6,{"v":3000,"d":"3,000.00"},{"v":18000,"d":"18,000.00"}]
["纳板河流域国家级自然保护区管理局","设备","A02061801 电冰箱","冰箱","台",3,{"v":4000,"d":"4,000.00"},{"v":12000,"d":"12,000.00"}]
["纳板河流域国家级自然保护区管理局","设备","A02061819 热水器","太阳能热水器","台",2,{"v":4000,"d":"4,000.00"},{"v":8000,"d":"8,000.00"}]
["纳板河流域国家级自然保护区管理局","设备","A02061999 其他照明设备","照明设备购置","台",4,{"v":3300,"d":"3,300.00"},{"v":13200,"d":"13,200.00"}]
["纳板河流域国家级自然保护区管理局","设备","A02071300 卫星定位导航设备","北斗定位终端","台",10,{"v":2000,"d":"2,000.00"},{"v":20000,"d":"20,000.00"}]
["纳板河流域国家级自然保护区管理局","设备","A02080102 移动通信（网）设备","对讲机","台",18,{"v":3705,"d":"3,705.00"},{"v":66690,"d":"66,690.00"}]
["纳板河流域国家级自然保护区管理局","设备","A02089900 其他通信设备","中继台","台",1,{"v":23310,"d":"23,310.00"},{"v":23310,"d":"23,310.00"}]
["纳板河流域国家级自然保护区管理局","设备","A02091001 普通电视设备（电视机）","电视机","台",1,{"v":3000,"d":"3,000.00"},{"v":3000,"d":"3,000.00"}]
["纳板河流域国家级自然保护区管理局","设备","A02091102 通用摄像机","红外相机","台",130,{"v":3800,"d":"3,800.00"},{"v":494000,"d":"494,000.00"}]
["纳板河流域国家级自然保护区管理局","设备","A02091199 其他视频设备","拍照设备（微单机身）、拍照用SD卡","台",1,{"v":16500,"d":"16,500.00"},{"v":16500,"d":"16,500.00"}]
["纳板河流域国家级自然保护区管理局","设备","A02100310 望远镜","手机拍摄用防抖望远镜","台",4,{"v":2000,"d":"2,000.00"},{"v":8000,"d":"8,000.00"}]
["纳板河流域国家级自然保护区管理局","设备","A02109900 其他仪器仪表","鸟类鸣声记录仪","台",8,{"v":10000,"d":"10,000.00"},{"v":80000,"d":"80,000.00"}]
["纳板河流域国家级自然保护区管理局","家具和用品","A05010199 其他床类","管理站用床","张",7,{"v":2500,"d":"2,500.00"},{"v":17500,"d":"17,500.00"}]
["纳板河流域国家级自然保护区管理局","家具和用品","A05010199 其他床类","管理站用床","张",4,{"v":3000,"d":"3,000.00"},{"v":12000,"d":"12,000.00"}]
["纳板河流域国家级自然保护区管理局","家具和用品","A05020199 其他厨卫用具","抽油烟机","台",4,{"v":3500,"d":"3,500.00"},{"v":14000,"d":"14,000.00"}]
["纳板河流域国家级自然保护区管理局","家具和用品","A05020199 其他厨卫用具","消毒柜","台",2,{"v":3000,"d":"3,000.00"},{"v":6000,"d":"6,000.00"}]
["纳板河流域国家级自然保护区管理局","家具和用品","A05029900 其他用具","除湿机","台",3,{"v":2000,"d":"2,000.00"},{"v":6000,"d":"6,000.00"}]
["纳板河流域国家级自然保护区管理局","家具和用品","A05029900 其他用具","净水器","台",3,{"v":9000,"d":"9,000.00"},{"v":27000,"d":"27,000.00"}]
["纳板河流域国家级自然保护区管理局","家具和用品","A05029900 其他用具","洗衣机","台",1,{"v":2000,"d":"2,000.00"},{"v":2000,"d":"2,000.00"}]
["纳板河流域国家级自然保护区管理局","无形资产","A08060301 基础软件","电脑软件","套",6,{"v":1600,"d":"1,600.00"},{"v":9600,"d":"9,600.00"}]
["合计",{"$nulls":4},229,null,{"v":912600,"d":"912,600.00"}]
["注：涉及土地使用权、房屋、公务用车购置，按照现行相关管理制度规定报批，以职能部门审批意见为准。"]

{"sheet":"中央转移支付补助项目支出预算表11","index":15,"n_rows":11,"n_cols":11,"rows_kept":11,"merged":[[1,0,1,10],[2,0,2,6],[3,0,5,0],[3,1,5,1],[3,2,5,2],[3,3,5,3],[3,4,5,4],[3,5,5,5],[3,6,5,6],[3,7,5,7],[3,8,3,10],[4,8,5,8],[4,9,5,9],[4,10,5,10],[9,0,9,6]]}
[{"$nulls":10},"预算11表"]
["2026年中央转移支付补助项目支出预算表"]
[{"$f":"\"单位名称：\"&\"纳板河流域国家级自然保护区管理局\"","v":"单位名称：纳板河流域国家级自然保护区管理局"},{"$nulls":9},"单位：元"]
["项目分类","项目名称","项目单位","功能科目编码","功能科目名称","经济科目编码","经济科目名称","合计","上级补助"]
[{"$nulls":8},"一般公共预算","政府性基金预算","国有资本经营预算"]
[{"$nulls":8},"小计"]
[1,2,3,4,5,6,7,8,9,10,11]
[]
[]
["合  计"]
["备注：纳板河流域国家级自然保护区管理局2026年度无中央转移支付补助项目支出预算，故此表为空表，特此说明。"]

{"sheet":"部门项目支出中期规划预算表12","index":16,"n_rows":12,"n_cols":7,"rows_kept":12,"merged":[[1,0,1,6],[2,0,2,3],[3,0,5,0],[3,1,5,1],[3,2,5,2],[3,3,5,3],[3,4,3,6],[4,4,5,4],[4,5,5,5],[4,6,5,6],[11,0,11,3]]}
[{"$nulls":6},"预算12表"]
["2026年部门项目支出中期规划预算表"]
[{"$f":"\"单位名称：\"&\"纳板河流域国家级自然保护区管理局\"","v":"单位名称：纳板河流域国家级自然保护区管理局"},{"$nulls":5},"单位：元"]
["项目单位","项目分类","项目名称","项目级次","一般公共预算"]
[{"$nulls":4},"2026年","2027年","2028年"]
[{"$nulls":5},"小计"]
[1,2,3,4,5,6,7]
["纳板河流域国家级自然保护区管理局",{"$nulls":3},{"v":760000,"d":"760,000.00"},{"v":760000,"d":"760,000.00"},{"v":760000,"d":"760,000.00"}]
[null,"313 事业发展类","纳板河流域国家级自然保护区管护监测及社区共管专项资金","本级",{"v":610000,"d":"610,000.00"},{"v":610000,"d":"610,000.00"},{"v":610000,"d":"610,000.00"}]
[null,"313 事业发展类","森林防火专项经费纳板河保护区补助资金","本级",{"v":100000,"d":"100,000.00"},{"v":100000,"d":"100,000.00"},{"v":100000,"d":"100,000.00"}]
[null,"313 事业发展类","银龄工程师补助资金","本级",{"v":50000,"d":"50,000.00"},{"v":50000,"d":"50,000.00"},{"v":50000,"d":"50,000.00"}]
["合计","",null,null,{"v":760000,"d":"760,000.00"},{"v":760000,"d":"760,000.00"},{"v":760000,"d":"760,000.00"}]

{"sheet":"省级政务信息化建设类项目预算表13","index":17,"n_rows":10,"n_cols":6,"rows_kept":10,"merged":[[1,0,1,5],[2,0,2,1],[3,0,4,0],[3,1,4,1],[3,2,3,5],[8,0,8,1]]}
[{"$nulls":5},"预算13表"]
["省级政务信息化建设类项目预算表"]
[{"$f":"\"单位名称：\"&\"纳板河流域国家级自然保护区管理局\"","v":"单位名称：纳板河流域国家级自然保护区管理局"},{"$nulls":4},"单位：元"]
["项目单位","项目名称","一般公共预算"]
[null,null,"合计","2026年","2027年","2028年"]
[1,2,"3=4+5+6",4,5,6]
[]
[]
["合计"]
["备注：纳板河流域国家级自然保护区管理局2026年度无省级政务信息化建设类项目预算，故此表为空表，特此说明。"]

{"sheet":"Sheet1","index":18,"n_rows":0,"n_cols":0,"rows_kept":0}